[Event "2021 FIDE Online Olympiad"]
[Site "Chess.com"]
[Date "2021.08.27"]
[Round "1.4"]
[White "Ferguson, Dayna"]
[Black "Moreno, Akiane"]
[Result "1-0"]
[WhiteElo "1374"]
[BlackElo "1000"]
[PlyCount "51"]
[EventDate "2021.08.27"]
[EventType "team"]
[EventRounds "9"]
[SourceVersionDate "2018.05.14"]
[WhiteTeam "Ireland"]
[BlackTeam "Cape Verde"]
[WhiteTeamCountry "IRL"]

1. d4 d5 2. Bf4 Nc6 3. e3 Bf5 4. c4 e6 5. Nf3 Bb4+ 6. Nc3 Nge7 7. Be2 O-O 8.
O-O a5 9. Rc1 h6 10. a3 Bd6 11. Bg3 Kh7 12. Bh4 g5 13. Bg3 Rg8 14. cxd5 g4 15.
Nh4 exd5 16. Nxf5 Nxf5 17. Bxg4 Nxg3 18. hxg3 Qd7 19. Bxd7 Rg5 20. Qd3+ Kg7 21.
Nb5 Rd8 22. Bxc6 f5 23. Nxd6 Rxd6 24. Bxb7 Rdg6 25. Rxc7+ Kf6 26. Qa6# 1-0

[Event "2021 FIDE Online Olympiad"]
[Site "Chess.com"]
[Date "2021.08.27"]
[Round "1.6"]
[White "Putar, Lara"]
[Black "Gomes, Loedi"]
[Result "1-0"]
[WhiteElo "1516"]
[BlackElo "1070"]
[PlyCount "101"]
[EventDate "2021.08.27"]
[EventType "team"]
[EventRounds "9"]
[SourceVersionDate "2018.05.14"]
[WhiteTeam "Ireland"]
[BlackTeam "Cape Verde"]
[WhiteTeamCountry "IRL"]

1. d4 d5 2. c4 e6 3. Nf3 Nc6 4. g3 Nf6 5. Bg2 b6 6. Ne5 Nxe5 7. dxe5 Ng4 8. Bf4
g5 9. Bd2 Nxe5 10. cxd5 exd5 11. Bc3 Bg7 12. Bxd5 Rb8 13. O-O O-O 14. Na3 a6
15. Qb3 Be6 16. Bxe6 fxe6 17. Bxe5 Bxe5 18. Qxe6+ Kh8 19. Qxe5+ Qf6 20. Qxf6+
Rxf6 21. Rad1 Re8 22. e3 b5 23. Nc2 Kg7 24. Rd7+ Rf7 25. Rfd1 Ref8 26. Rxf7+
Rxf7 27. Nd4 Kg6 28. Rc1 h5 29. Rc6+ Rf6 30. Rxc7 h4 31. Rc6 Rxc6 32. Nxc6 hxg3
33. hxg3 Kf6 34. b4 Ke6 35. Nb8 Kd5 36. Nxa6 Kc6 37. f4 Kb6 38. fxg5 Kxa6 39.
g6 Kb6 40. g7 Kc6 41. g8=Q Kd6 42. e4 Ke5 43. Qd5+ Kf6 44. Kf2 Ke7 45. Qc6 Kf7
46. Kf3 Ke7 47. Kf4 Kf7 48. Kf5 Kg8 49. Qd7 Kf8 50. Kg6 Kg8 51. Qg7# 1-0

[Event "2021 FIDE Online Olympiad"]
[Site "Chess.com"]
[Date "2021.08.27"]
[Round "1.6"]
[White "Alnasser, Tala"]
[Black "Lema, Bitaniya Ermiyas"]
[Result "1-0"]
[WhiteElo "1077"]
[BlackElo "1000"]
[PlyCount "33"]
[EventDate "2021.08.27"]
[EventType "team"]
[EventRounds "9"]
[SourceVersionDate "2018.05.14"]
[WhiteTeam "Jordan"]
[BlackTeam "Ethiopia"]
[WhiteTeamCountry "JOR"]
[BlackTeamCountry "ETH"]

1. d4 Nf6 2. e3 e6 3. Nf3 Be7 4. a3 O-O 5. Bd3 h6 6. b3 d5 7. Bb2 Nc6 8. Nbd2
Nh7 9. Ne5 Nxe5 10. dxe5 f6 11. O-O fxe5 12. Bxe5 Ng5 13. f4 Nf7 14. Bb2 b6 15.
Qg4 Bf6 16. Qg6 Nd6 17. Qh7+ 1-0

[Event "2021 FIDE Online Olympiad"]
[Site "Chess.com"]
[Date "2021.08.27"]
[Round "2.3"]
[White "Yazji, Mada"]
[Black "Boshra, Alshaeby"]
[Result "0-1"]
[WhiteElo "1704"]
[BlackElo "1978"]
[PlyCount "106"]
[EventDate "2021.08.27"]
[EventType "team"]
[EventRounds "9"]
[SourceVersionDate "2018.05.14"]
[WhiteTeam "Syria"]
[BlackTeam "Jordan"]
[WhiteTeamCountry "SYR"]
[BlackTeamCountry "JOR"]

1. e4 c5 2. Nf3 g6 3. d4 cxd4 4. Nxd4 Bg7 5. Nc3 Nc6 6. Be3 Nf6 7. Bc4 Qa5 8.
f3 Qb4 9. Ndb5 Qxc4 10. Nc7+ Kd8 11. Nxa8 b5 12. Nd5 Nxd5 13. exd5 Nb4 14. Bxa7
Nxc2+ 15. Kf2 Nxa1 16. Bb6+ Ke8 17. Nc7+ Kf8 18. Qxa1 Bd4+ 19. Bxd4 Qxd4+ 20.
Kg3 Qe5+ 21. f4 Qxc7 22. b3 f6 23. Rc1 Qb8 24. d6 Kf7 25. dxe7 g5 26. Qd4 Qxf4+
27. Qxf4 gxf4+ 28. Kxf4 Bb7 29. Rc5 Bc6 30. Rh5 Kxe7 31. g3 b4 32. Kf5 d6 33.
Rh6 Bd7+ 34. Ke4 Ke6 35. Kd4 d5 36. Kc5 Be8 37. Kxb4 Bg6 38. Rh4 Rc8 39. a4 Ke5
40. Rf4 d4 41. Rf2 d3 42. Rf1 Kd4 43. Rd1 Ke3 44. a5 Ke2 45. Ra1 d2 46. a6 d1=Q
47. Rxd1 Kxd1 48. Ka5 Kc2 49. b4 Be4 50. b5 Kc3 51. b6 Rc5+ 52. Ka4 Bc6+ 53.
Ka3 Ra5# 0-1

[Event "2021 FIDE Online Olympiad"]
[Site "Chess.com"]
[Date "2021.08.27"]
[Round "2.6"]
[White "Lema, Bitaniya Ermiyas"]
[Black "Putar, Lara"]
[Result "0-1"]
[WhiteElo "1000"]
[BlackElo "1516"]
[PlyCount "56"]
[EventDate "2021.08.27"]
[EventType "team"]
[EventRounds "9"]
[SourceVersionDate "2018.05.14"]
[WhiteTeam "Ethiopia"]
[BlackTeam "Ireland"]
[WhiteTeamCountry "ETH"]
[BlackTeamCountry "IRL"]

1. e4 e6 2. d4 d5 3. e5 c5 4. Nf3 Nc6 5. Be3 cxd4 6. Bxd4 Nxd4 7. Qxd4 Ne7 8.
Bd3 Nc6 9. Qf4 Be7 10. O-O O-O 11. Qg3 Nb4 12. Qh3 Nxd3 13. cxd3 f6 14. d4 fxe5
15. dxe5 Qb6 16. b3 Bd7 17. Nc3 Rac8 18. Rac1 Ba3 19. Na4 Bxa4 20. Rxc8 Rxc8
21. bxa4 h6 22. Nh4 Bc5 23. Qf3 Rf8 24. Qe2 d4 25. Ng6 d3 26. Qd2 Bxf2+ 27.
Rxf2 Qb1+ 28. Rf1 Qxf1# 0-1

[Event "2021 FIDE Online Olympiad"]
[Site "Chess.com"]
[Date "2021.08.27"]
[Round "2.4"]
[White "Moreno, Akiane"]
[Black "Jalloul, Maya"]
[Result "0-1"]
[WhiteElo "1000"]
[BlackElo "1876"]
[PlyCount "56"]
[EventDate "2021.08.27"]
[EventType "team"]
[EventRounds "9"]
[SourceVersionDate "2018.05.14"]
[WhiteTeam "Cape Verde"]
[BlackTeam "Lebanon"]
[BlackTeamCountry "LBN"]

1. e4 c5 2. Bc4 a6 3. Qf3 e6 4. Nh3 Nc6 5. Ng5 Qxg5 6. O-O Ne5 7. d3 Nxf3+ 8.
Kh1 Qh5 9. gxf3 Qxf3+ 10. Kg1 Bd6 11. Re1 Be5 12. Re3 Qd1+ 13. Kg2 Qxc1 14. c3
Qd1 15. b4 Qg4+ 16. Kf1 Nf6 17. Nd2 Bf4 18. Re2 Qh3+ 19. Ke1 Ng4 20. f3 Ne5 21.
Kf2 Qxh2+ 22. Ke1 Qg1+ 23. Nf1 Nxf3+ 24. Kd1 Qxf1+ 25. Re1 Qxe1+ 26. Kc2 Qxa1
27. Kb3 Qd1+ 28. Ka3 Bc1# 0-1

[Event "2021 FIDE Online Olympiad"]
[Site "Chess.com"]
[Date "2021.08.27"]
[Round "2.6"]
[White "Gomes, Loedi"]
[Black "Assoum, Nour"]
[Result "0-1"]
[WhiteElo "1070"]
[BlackElo "1400"]
[PlyCount "106"]
[EventDate "2021.08.27"]
[EventType "team"]
[EventRounds "9"]
[SourceVersionDate "2018.05.14"]
[WhiteTeam "Cape Verde"]
[BlackTeam "Lebanon"]
[BlackTeamCountry "LBN"]

1. e4 e5 2. Nf3 Nc6 3. Bc4 Bc5 4. d3 h6 5. Be3 Bb6 6. Nc3 Nf6 7. O-O d6 8. h3
Be6 9. Bb3 Qd7 10. d4 exd4 11. Nxd4 Bxh3 12. gxh3 Qxh3 13. f3 Nh5 14. Rf2 Nf6
15. Rh2 Qg3+ 16. Rg2 Qh3 17. Rh2 Qg3+ 18. Rg2 Qh3 19. Nd5 Nxd5 20. Bxd5 Ne5 21.
Bf2 Bxd4 22. Bxd4 Nxf3+ 23. Kf2 Nxd4 24. Qxd4 Qh4+ 25. Kg1 O-O-O 26. Rf1 g5 27.
Bxf7 Kb8 28. Be6 Rde8 29. c3 Rhf8 30. Rxf8 Rxf8 31. Rf2 Qg3+ 32. Rg2 Qe1+ 33.
Kh2 Qh4+ 34. Bh3 h5 35. Qg7 Qf4+ 36. Kh1 g4 37. Bxg4 hxg4 38. Rxg4 Qf3+ 39. Kh2
Qf2+ 40. Kh3 Qf1+ 41. Kh4 Qf2+ 42. Kg5 Kc8 43. Qg6 Qe3+ 44. Kh5 Rh8+ 45. Qh7
Qh3+ 46. Kg6 Qxh7+ 47. Kf6 Rf8+ 48. Ke6 Qh3 49. Kd5 Qxg4 50. Kd4 c5+ 51. Kc4
Qxe4+ 52. Kb3 b5 53. Ka3 Qa4# 0-1

[Event "2021 FIDE Online Olympiad"]
[Site "Chess.com"]
[Date "2021.08.27"]
[Round "3.6"]
[White "Ahmad Murad, Fatema Alzahraa"]
[Black "Cassidy Maina, Elizabeth"]
[Result "1/2-1/2"]
[WhiteElo "1568"]
[BlackElo "1000"]
[PlyCount "132"]
[EventDate "2021.08.27"]
[EventType "team"]
[EventRounds "9"]
[SourceVersionDate "2018.05.14"]
[WhiteTeam "Syria"]
[BlackTeam "Kenya"]
[WhiteTeamCountry "SYR"]
[BlackTeamCountry "KEN"]

1. d4 Nf6 2. c4 g6 3. Nc3 Bg7 4. e4 d6 5. Be3 O-O 6. Bd3 e5 7. d5 a5 8. c5 Nbd7
9. cxd6 cxd6 10. Na4 Kh8 11. f3 Ne8 12. Qd2 Kg8 13. Qf2 Nc7 14. Nb6 Nxb6 15.
Bxb6 Qe7 16. Rc1 Ne8 17. Ne2 Bh6 18. Rc3 Bd7 19. Ra3 a4 20. Nc3 Nf6 21. Bb5
Bxb5 22. Nxb5 Rfc8 23. O-O Qd7 24. Na7 Rc4 25. Qe2 Rc1 26. Rxc1 Bxc1 27. Rc3
Bh6 28. Rc7 Qe8 29. Qc4 Rb8 30. Rc8 Rxc8 31. Qxc8 Qxc8 32. Nxc8 Ne8 33. Bd8
Be3+ 34. Kf1 Bc5 35. Be7 f5 36. Ke2 Kf7 37. Bd8 Bd4 38. b3 b5 39. bxa4 bxa4 40.
Bb6 Bc5 41. Bxc5 dxc5 42. Nb6 a3 43. Nc4 Nf6 44. Nxe5+ Ke7 45. Nc4 fxe4 46.
Nxa3 Kd6 47. fxe4 Nxe4 48. Nc4+ Kxd5 49. Kd3 Nf2+ 50. Kc3 Ne4+ 51. Kb3 Nd6 52.
Nxd6 Kxd6 53. a4 Kc6 54. Kc4 Kb6 55. h3 Ka5 56. Kxc5 Kxa4 57. Kd5 Kb4 58. Ke5
Kc4 59. Kf6 Kd4 60. Kg7 Ke3 61. Kxh7 g5 62. Kg6 g4 63. hxg4 Kf4 64. g5 Kg4 65.
Kf6 Kh5 66. g6 Kh6 1/2-1/2

[Event "2021 FIDE Online Olympiad"]
[Site "Chess.com"]
[Date "2021.08.27"]
[Round "3.2"]
[White "Calicoca, Wilton Inacio"]
[Black "Ben Brahem, Aymen"]
[Result "1-0"]
[WhiteElo "2119"]
[BlackElo "1821"]
[PlyCount "163"]
[EventDate "2021.08.27"]
[EventType "team"]
[EventRounds "9"]
[SourceVersionDate "2018.05.14"]
[WhiteTeam "Mozambique"]
[BlackTeam "Tunisia"]
[WhiteTeamCountry "MOZ"]
[BlackTeamCountry "TUN"]

1. e4 c5 2. Nf3 d6 3. d4 cxd4 4. Nxd4 Nf6 5. Nc3 g6 6. Be2 Bg7 7. h4 Nc6 8. Be3
h5 9. Qd2 O-O 10. O-O-O Nxd4 11. Bxd4 Be6 12. Kb1 Qa5 13. f3 Rfc8 14. Bxf6 Bxf6
15. Nd5 Qxd2 16. Nxf6+ exf6 17. Rxd2 Rc6 18. Rhd1 Rd8 19. b3 Kf8 20. Kb2 Ke7
21. g4 Rh8 22. Rh1 Rc5 23. c4 a5 24. a3 Rhc8 25. gxh5 Rxh5 26. f4 Rh6 27. Bd3
Rc5 28. b4 Rch5 29. Kc3 axb4+ 30. axb4 Rxh4 31. Rf1 Bd7 32. b5 Kd8 33. Ra2 Kc7
34. Ra8 Rh3 35. Rf8 Rh7 36. Kc2 Re3 37. Kd2 Rhh3 38. Bc2 Rc3 39. Rxf7 Rxc4 40.
Rf2 Rd4+ 41. Kc1 Rh1+ 42. Kb2 Rb4+ 43. Kc3 Rxb5 44. Rxd7+ Kxd7 45. Ba4 Kc6 46.
Rg2 Rh6 47. Kc4 Rhh5 48. f5 gxf5 49. Bxb5+ Kb6 50. Rb2 Kc7 51. Kd4 fxe4 52.
Kxe4 d5+ 53. Kd4 Kd6 54. Bd3 Rh4+ 55. Ke3 Kc6 56. Be2 b6 57. Bf3 Kc5 58. Rc2+
Rc4 59. Rd2 Rc3+ 60. Kf2 d4 61. Be4 b5 62. Bf5 b4 63. Ke2 b3 64. Bd3 Rc1 65.
Kf3 Kb4 66. Bf5 Kc3 67. Rd3+ Kc4 68. Rd2 Rf1+ 69. Kg4 Rxf5 70. Kxf5 Kc3 71. Rd1
b2 72. Ke4 f5+ 73. Kxf5 Kc2 74. Rxd4 b1=Q 75. Ke5 Qb5+ 76. Rd5 Qe2+ 77. Kd6 Kc3
78. Rc5+ Kb4 79. Rd5 Qe4 80. Re5 Qf4 81. Kd5 Qf3+ 82. Re4+ 1-0

[Event "2021 FIDE Online Olympiad"]
[Site "Chess.com"]
[Date "2021.08.27"]
[Round "3.4"]
[White "Da Graca, Maria Joaquina"]
[Black "Miladi, Amen"]
[Result "0-1"]
[WhiteElo "1000"]
[BlackElo "1707"]
[PlyCount "108"]
[EventDate "2021.08.27"]
[EventType "team"]
[EventRounds "9"]
[SourceVersionDate "2018.05.14"]
[WhiteTeam "Mozambique"]
[BlackTeam "Tunisia"]
[WhiteTeamCountry "MOZ"]
[BlackTeamCountry "TUN"]

1. e4 c5 2. Nf3 e6 3. Bc4 a6 4. O-O b5 5. Be2 Bb7 6. d3 Nc6 7. c3 Nf6 8. Re1
Qc7 9. Bf1 d6 10. Bf4 e5 11. Bg5 Be7 12. d4 cxd4 13. cxd4 Rc8 14. Nc3 b4 15.
Bxf6 bxc3 16. Bxe7 Nxe7 17. bxc3 Qxc3 18. dxe5 dxe5 19. Qa4+ Qc6 20. Qa3 f6 21.
Rac1 Qe6 22. Qa4+ Qd7 23. Rxc8+ Nxc8 24. Qa5 Qd8 25. Qb4 Qe7 26. Qb3 Qf7 27.
Bc4 Qe7 28. Nd2 Nd6 29. Bd5 Bxd5 30. Qxd5 Kd7 31. Rc1 Rc8 32. Rxc8 Kxc8 33.
Qa8+ Kd7 34. Qa7+ Ke6 35. Qxa6 Qc7 36. Qf1 Qc2 37. Nb3 Nxe4 38. h3 Kf5 39. g4+
Kg6 40. Na5 Qxa2 41. Nc4 Nd2 42. Qd3+ e4 43. Qxd2 Qxc4 44. Qf4 Qd3 45. Qf5+ Kf7
46. Kh2 Qd6+ 47. Kg2 Qd3 48. Qxh7 Qf3+ 49. Kg1 Qd1+ 50. Kh2 Qf3 51. Qh5+ g6 52.
Qd5+ Kg7 53. Qd7+ Kh6 54. Qd2+ g5 0-1

[Event "2021 FIDE Online Olympiad"]
[Site "Chess.com"]
[Date "2021.08.27"]
[Round "3.6"]
[White "Mapaco, Ester Melina Elias"]
[Black "Hwass, Zaineb"]
[Result "1-0"]
[WhiteElo "1000"]
[BlackElo "1426"]
[PlyCount "45"]
[EventDate "2021.08.27"]
[EventType "team"]
[EventRounds "9"]
[SourceVersionDate "2018.05.14"]
[WhiteTeam "Mozambique"]
[BlackTeam "Tunisia"]
[WhiteTeamCountry "MOZ"]
[BlackTeamCountry "TUN"]

1. e4 c5 2. Nc3 e6 3. Nf3 Nc6 4. Bc4 a6 5. a3 b5 6. Ba2 Bb7 7. d4 cxd4 8. Nxd4
Bc5 9. Nf3 Qc7 10. b4 Ba7 11. Bb2 Nge7 12. Ng5 Qf4 13. Nf3 Ne5 14. Qe2 O-O 15.
Nd5 Nxf3+ 16. Qxf3 Nxd5 17. exd5 Qc7 18. Qg4 g6 19. O-O Qxc2 20. Rab1 Qf5 21.
Qh4 Bxd5 22. Bxd5 Qxd5 23. Qf6 1-0

[Event "2021 FIDE Online Olympiad"]
[Site "Chess.com"]
[Date "2021.08.27"]
[Round "3.4"]
[White "Al-Fayyadh, Zainab Asif Abdulah"]
[Black "Moreno, Akiane"]
[Result "1-0"]
[WhiteElo "1733"]
[BlackElo "1000"]
[PlyCount "69"]
[EventDate "2021.08.27"]
[EventType "team"]
[EventRounds "9"]
[SourceVersionDate "2018.05.14"]
[WhiteTeam "Iraq"]
[BlackTeam "Cape Verde"]
[WhiteTeamCountry "IRQ"]

1. e4 e5 2. Nf3 Nc6 3. Bb5 d5 4. Nxe5 dxe4 5. Nxc6 Qd5 6. Nd4+ Bd7 7. Bxd7+
Qxd7 8. c3 O-O-O 9. O-O Qd5 10. d3 exd3 11. Qxd3 Rd6 12. Qf5+ Kd8 13. Bf4 Qxf5
14. Nxf5 Rd5 15. Ne3 Rh5 16. Nd2 Bc5 17. Nb3 Bd6 18. Rad1 Kd7 19. Nc4 Nf6 20.
Nxd6 cxd6 21. Rxd6+ Kc7 22. Rxf6+ Kd7 23. Rxf7+ Ke6 24. Rxb7 Rf8 25. Re1+ Kf5
26. Rb5+ Kg6 27. Re6+ Rf6 28. Rxf6+ gxf6 29. Rxh5 Kxh5 30. c4 f5 31. c5 Kg6 32.
c6 h5 33. c7 h4 34. c8=Q Kh5 35. Qxf5# 1-0

[Event "2021 FIDE Online Olympiad"]
[Site "Chess.com"]
[Date "2021.08.27"]
[Round "3.6"]
[White "Al-Fayyadh, Yamama Asif Abdula"]
[Black "Gomes, Loedi"]
[Result "1-0"]
[WhiteElo "1611"]
[BlackElo "1070"]
[PlyCount "125"]
[EventDate "2021.08.27"]
[EventType "team"]
[EventRounds "9"]
[SourceVersionDate "2018.05.14"]
[WhiteTeam "Iraq"]
[BlackTeam "Cape Verde"]
[WhiteTeamCountry "IRQ"]

1. e4 e5 2. Nf3 Nc6 3. Bb5 d6 4. c3 Nf6 5. d3 a6 6. Ba4 b5 7. Bb3 Be6 8. Bc2
Be7 9. O-O O-O 10. d4 exd4 11. cxd4 Nb4 12. Nc3 c6 13. Bd3 Bc4 14. Be2 a5 15.
b3 Bxe2 16. Qxe2 Nh5 17. a3 Na6 18. Bd2 b4 19. Nd1 d5 20. e5 bxa3 21. g4 Bb4
22. gxh5 Bxd2 23. Qxd2 Qe7 24. Ne3 f6 25. Ng4 fxe5 26. Nfxe5 Nb4 27. Rxa3 c5
28. dxc5 Qxc5 29. Nd7 Qd6 30. Nxf8 Qxf8 31. Raa1 Qf5 32. Qe2 Kf7 33. Rae1 Nc6
34. Ne5+ Nxe5 35. Qxe5 Qxe5 36. Rxe5 Kf6 37. Rxd5 Rb8 38. Rxa5 Rxb3 39. Rc1 Rb6
40. Rac5 Ke7 41. Kg2 Kd6 42. Kg3 g6 43. hxg6 hxg6 44. Kg4 Rb4+ 45. Kg5 Rb6 46.
Kxg6 Ke7+ 47. Kg5 Kd6 48. h4 Ke7 49. Rf5 Rb8 50. h5 Rg8+ 51. Kh6 Ke6 52. Rcc5
Rh8+ 53. Kg7 Rd8 54. h6 Rd7+ 55. Kg6 Rd8 56. Rfe5+ Kd6 57. Red5+ Ke7 58. Rxd8
Kxd8 59. h7 Ke7 60. h8=Q Kd6 61. Qe5+ Kd7 62. Rc7+ Kd8 63. Qe7# 1-0

[Event "2021 FIDE Online Olympiad"]
[Site "Chess.com"]
[Date "2021.08.27"]
[Round "3.1"]
[White "Mulugeta, Ashenafi"]
[Black "Khairallah, Faisal"]
[Result "0-1"]
[WhiteElo "1000"]
[BlackElo "2226"]
[PlyCount "44"]
[EventDate "2021.08.27"]
[EventType "team"]
[EventRounds "9"]
[SourceVersionDate "2018.05.14"]
[WhiteTeam "Ethiopia"]
[BlackTeam "Lebanon"]
[WhiteTeamCountry "ETH"]
[BlackTeamCountry "LBN"]

1. e4 c5 2. Nf3 Nc6 3. d4 cxd4 4. Nxd4 Qb6 5. Nxc6 bxc6 6. Nc3 d6 7. Bd3 g6 8.
O-O Bg7 9. Na4 Qc7 10. c4 Nf6 11. Nc3 O-O 12. h3 Nd7 13. Be3 Ne5 14. Be2 Be6
15. Qa4 Rab8 16. f4 Rxb2 17. fxe5 Bxe5 18. Bd3 Bxc3 19. Rac1 Be5 20. Bb1 c5 21.
Qd1 Rfb8 22. Qf3 Qb7 0-1

[Event "2021 FIDE Online Olympiad"]
[Site "Chess.com"]
[Date "2021.08.27"]
[Round "3.2"]
[White "Kaloust, Giorgio"]
[Black "Baruda, Dabala Fakade"]
[Result "1-0"]
[WhiteElo "1734"]
[BlackElo "1000"]
[PlyCount "97"]
[EventDate "2021.08.27"]
[EventType "team"]
[EventRounds "9"]
[SourceVersionDate "2018.05.14"]
[WhiteTeam "Lebanon"]
[BlackTeam "Ethiopia"]
[WhiteTeamCountry "LBN"]
[BlackTeamCountry "ETH"]

1. d4 Nf6 2. c4 e6 3. Nf3 d5 4. Nc3 c6 5. cxd5 exd5 6. Bg5 Be7 7. Qc2 h6 8. Bh4
Bg4 9. e3 Nbd7 10. Bd3 a6 11. h3 Bxf3 12. gxf3 Qa5 13. O-O-O Bb4 14. Kb1 Bd6
15. e4 Be7 16. e5 Ng8 17. Bg3 Bb4 18. Rhe1 O-O-O 19. f4 Bxc3 20. Qxc3 Qxc3 21.
bxc3 Kb8 22. f5 Ka7 23. e6 fxe6 24. fxe6 Ndf6 25. e7 Re8 26. Bd6 Ne4 27. Bxe4
dxe4 28. Rxe4 Nf6 29. Re2 Nd5 30. Kc2 g5 31. Rg1 Rh7 32. h4 Rg7 33. hxg5 hxg5
34. f3 Rg6 35. Ba3 b6 36. Re5 Kb7 37. Rgxg5 Rf6 38. Rg3 Rh6 39. Rg2 Rh3 40. Rf2
Kc7 41. c4 Nf6 42. Kb2 a5 43. Re6 Nd7 44. Bd6+ Kb7 45. f4 a4 46. f5 Rd3 47. f6
Nxf6 48. Rexf6 Rxd4 49. Rf8 1-0

[Event "2021 FIDE Online Olympiad"]
[Site "Chess.com"]
[Date "2021.08.28"]
[Round "4.6"]
[White "Alnasser, Tala"]
[Black "Assoum, Nour"]
[Result "1-0"]
[WhiteElo "1077"]
[BlackElo "1400"]
[PlyCount "87"]
[EventDate "2021.08.27"]
[EventType "team"]
[EventRounds "9"]
[SourceVersionDate "2018.05.14"]
[WhiteTeam "Jordan"]
[BlackTeam "Lebanon"]
[WhiteTeamCountry "JOR"]
[BlackTeamCountry "LBN"]

1. d4 d5 2. e3 Bf5 3. Bd3 Bxd3 4. cxd3 e6 5. a3 Nc6 6. b4 Nf6 7. Bb2 Bd6 8. Nf3
Qd7 9. Ne5 Bxe5 10. dxe5 Ng8 11. Qg4 Nge7 12. O-O Ng6 13. f4 h5 14. Qg5 h4 15.
h3 Nce7 16. e4 dxe4 17. dxe4 Qd3 18. f5 Nf8 19. Nc3 Nh7 20. Qf4 O-O 21. Rad1
Qc4 22. Qxh4 exf5 23. Qxe7 Rae8 24. Qc5 Qb3 25. Rf2 fxe4 26. Qd5 Qxd5 27. Rxd5
Re6 28. Nxe4 Rfe8 29. Rfd2 f5 30. Ng3 f4 31. Nh5 g5 32. Rd7 R6e7 33. Nf6+ Nxf6
34. exf6 Rf7 35. Rd8 Rxd8 36. Rxd8+ Kh7 37. Kf2 a6 38. Kf3 b6 39. Kg4 b5 40.
Kxg5 c6 41. Kxf4 Kg6 42. h4 Kh5 43. Rh8+ Kg6 44. h5# 1-0

[Event "2021 FIDE Online Olympiad"]
[Site "Chess.com"]
[Date "2021.08.28"]
[Round "4.1"]
[White "Al-Ali, Hussein Ali Hussein"]
[Black "Mulugeta, Ashenafi"]
[Result "1-0"]
[WhiteElo "2114"]
[BlackElo "1000"]
[PlyCount "113"]
[EventDate "2021.08.27"]
[EventType "team"]
[EventRounds "9"]
[SourceVersionDate "2018.05.14"]
[WhiteTeam "Iraq"]
[BlackTeam "Ethiopia"]
[WhiteTeamCountry "IRQ"]
[BlackTeamCountry "ETH"]

1. e4 e5 2. Nf3 Nc6 3. Nc3 Nf6 4. g3 Be7 5. Bg2 d6 6. O-O O-O 7. h3 h6 8. d4
Nh7 9. Be3 f5 10. dxe5 dxe5 11. exf5 Bxf5 12. Nd5 Bd6 13. c3 Qd7 14. Kh2 Rad8
15. Nh4 Be6 16. b4 Qf7 17. f4 exf4 18. Bxf4 Qd7 19. Ng6 Rfe8 20. b5 Ne7 21.
Ndxe7+ Bxe7 22. Qxd7 Rxd7 23. Nxe7+ Rexe7 24. Bxb7 Bc4 25. Rfe1 Bxb5 26. Bd5+
Kf8 27. c4 Ba4 28. Rab1 Rxe1 29. Rxe1 Nf6 30. Be6 Re7 31. Bd2 c5 32. Bf4 Ne8
33. Re5 Nc7 34. Bg4 Rxe5 35. Bxe5 Ne8 36. Bf3 Ke7 37. Bb8 a6 38. h4 Nd6 39. Ba7
Nxc4 40. Bxc5+ Ke6 41. Bd4 Ne5 42. Be4 Bb5 43. Kg1 g5 44. hxg5 hxg5 45. Kf2 Bc6
46. Bc2 g4 47. Ke3 Bf3 48. Kf4 Ng6+ 49. Bxg6 Kd5 50. Bb2 Kc4 51. Bf5 a5 52.
Bxg4 Bxg4 53. Kxg4 a4 54. Kf5 Kd3 55. a3 Kc2 56. Be5 Kb3 57. Bd6 1-0

[Event "2021 FIDE Online Olympiad"]
[Site "Chess.com"]
[Date "2021.08.28"]
[Round "4.2"]
[White "Baruda, Dabala Fakade"]
[Black "Ismael, Namir Mohammed Isma"]
[Result "1-0"]
[WhiteElo "1000"]
[BlackElo "2081"]
[PlyCount "57"]
[EventDate "2021.08.27"]
[EventType "team"]
[EventRounds "9"]
[SourceVersionDate "2018.05.14"]
[WhiteTeam "Ethiopia"]
[BlackTeam "Iraq"]
[WhiteTeamCountry "ETH"]
[BlackTeamCountry "IRQ"]

1. d4 Nf6 2. e3 e6 3. Bd3 c5 4. c3 b6 5. f4 Bb7 6. Nf3 Be7 7. O-O O-O 8. Nbd2
Qc7 9. Ne5 d6 10. Ng4 Nbd7 11. e4 Nxg4 12. Qxg4 Nf6 13. Qe2 g6 14. f5 exf5 15.
exf5 Rfe8 16. Nf3 Bf8 17. Qc2 cxd4 18. Nxd4 Bg7 19. Bf4 a6 20. h3 Nd5 21. Qf2
Nxf4 22. Qxf4 Be5 23. Qg4 d5 24. Rf3 b5 25. Raf1 Qc5 26. fxg6 fxg6 27. Bxg6
hxg6 28. Qxg6+ Bg7 29. Rf7 1-0

[Event "2021 FIDE Online Olympiad"]
[Site "Chess.com"]
[Date "2021.08.28"]
[Round "4.6"]
[White "Lema, Bitaniya Ermiyas"]
[Black "Al-Fayyadh, Yamama Asif Abdula"]
[Result "1/2-1/2"]
[WhiteElo "1000"]
[BlackElo "1611"]
[PlyCount "122"]
[EventDate "2021.08.27"]
[EventType "team"]
[EventRounds "9"]
[SourceVersionDate "2018.05.14"]
[WhiteTeam "Ethiopia"]
[BlackTeam "Iraq"]
[WhiteTeamCountry "ETH"]
[BlackTeamCountry "IRQ"]

1. e4 e5 2. Nf3 Nc6 3. Bc4 Bc5 4. O-O Nf6 5. d4 Nxd4 6. Nxe5 O-O 7. Nc3 d6 8.
Nd3 Bb6 9. Be3 Re8 10. Bg5 h6 11. Bxf6 Qxf6 12. Nd5 Qd8 13. Nxb6 axb6 14. c3
Nc6 15. Qf3 Be6 16. Bxe6 Rxe6 17. Nf4 Rf6 18. Qe3 Ne5 19. f3 c6 20. b3 Ng6 21.
Nxg6 Rxg6 22. f4 Re6 23. f5 Re5 24. Qf4 Qf6 25. Rae1 Rxa2 26. c4 Rea5 27. Rf2
Qd4 28. Ref1 Rxf2 29. Qxf2 Qxf2+ 30. Rxf2 Kf8 31. Rb2 Ke7 32. Kf2 Kf6 33. Kf3
Ke5 34. g4 b5 35. cxb5 Rxb5 36. Ke3 d5 37. exd5 cxd5 38. h3 d4+ 39. Kd3 Rd5 40.
Re2+ Kf6 41. Re4 Kg5 42. Re7 Rb5 43. Rxf7 Rxb3+ 44. Kxd4 Kh4 45. Rxg7 Kxh3 46.
f6 Rf3 47. f7 b5 48. Kc5 Rf6 49. Kxb5 Kg3 50. Kc5 Kf4 51. Kd5 Rxf7 52. Rxf7+
Kxg4 53. Ke5 h5 54. Rh7 h4 55. Ke4 Kg3 56. Rg7+ Kf2 57. Kf4 h3 58. Rh7 Kg2 59.
Kg4 h2 60. Kf4 h1=Q 61. Rxh1 Kxh1 1/2-1/2

[Event "2021 FIDE Online Olympiad"]
[Site "Chess.com"]
[Date "2021.08.28"]
[Round "4.4"]
[White "Moreno, Akiane"]
[Black "Sitoe, Cheila Andre"]
[Result "0-1"]
[WhiteElo "1000"]
[BlackElo "1588"]
[PlyCount "80"]
[EventDate "2021.08.27"]
[EventType "team"]
[EventRounds "9"]
[SourceVersionDate "2018.05.14"]
[WhiteTeam "Cape Verde"]
[BlackTeam "Mozambique"]
[BlackTeamCountry "MOZ"]

1. e4 e5 2. Nf3 d6 3. Bc4 Be7 4. O-O Bg4 5. d3 Nc6 6. h3 Bh5 7. Nc3 Nd4 8. g4
Bg6 9. Be3 Nc6 10. h4 Bxh4 11. Nxh4 Qxh4 12. Kg2 Nh6 13. Rh1 Qxg4+ 14. Qxg4
Nxg4 15. Bg5 h6 16. Bh4 Nd4 17. Rh3 Nxc2 18. Rc1 Nd4 19. Rg3 Nf6 20. Bxf6 gxf6
21. Rh3 a6 22. Rch1 h5 23. Nd5 O-O-O 24. f3 b5 25. Bb3 Ne2 26. Re1 Nd4 27. Bd1
f5 28. exf5 Bxf5 29. Rh4 Be6 30. Nf6 Rh6 31. Ne4 Rg8+ 32. Kf2 f5 33. Nc3 Rhg6
34. Rxh5 Rg2+ 35. Kf1 Rg1+ 36. Kf2 R8g2+ 37. Ke3 f4+ 38. Ke4 Rxe1+ 39. Ne2
Rgxe2+ 40. Bxe2 Rxe2# 0-1

[Event "2021 FIDE Online Olympiad"]
[Site "Chess.com"]
[Date "2021.08.28"]
[Round "4.6"]
[White "Gomes, Loedi"]
[Black "Mapaco, Ester Melina Elias"]
[Result "0-1"]
[WhiteElo "1070"]
[BlackElo "1000"]
[PlyCount "58"]
[EventDate "2021.08.27"]
[EventType "team"]
[EventRounds "9"]
[SourceVersionDate "2018.05.14"]
[WhiteTeam "Cape Verde"]
[BlackTeam "Mozambique"]
[BlackTeamCountry "MOZ"]

1. e4 e5 2. Nf3 Nc6 3. Bc4 Bc5 4. d3 Nf6 5. Ng5 O-O 6. Be3 d6 7. O-O h6 8. Nf3
Bg4 9. h3 Bh5 10. Nc3 Nd4 11. Nd5 Nxf3+ 12. gxf3 Nxd5 13. Bxd5 c6 14. Bb3 Qf6
15. Kh2 Bxf3 16. Qd2 Qh4 17. Rg1 Bxe3 18. fxe3 d5 19. exd5 cxd5 20. Raf1 e4 21.
dxe4 dxe4 22. Qd4 g6 23. c4 Qe7 24. Qc3 Qc7+ 25. Rg3 h5 26. h4 Rad8 27. Qf6
Rd2+ 28. Kh3 Qd7+ 29. Rg4 Qxg4# 0-1